Sports Quiz

Random Sports or Baseball Quiz

Sandy Alderson Intra-Division Mets Trades Quiz Stats

 Plays Quiz not verified by Sporcle

Score 0/5 Timer 03:00
0 Plays Today
Team Player Traded % Correct
BravesCash Considerations
100%
NationalsMatt den Dekker
62%
BravesJohn Gant
56.3%
BravesAkeel Morris
43.7%
BravesRobert Whalen
31%

You're not logged in!

Compare scores with friends on all Sporcle quizzes.
OR
Log In

Show Comments

Extras

Top Quizzes Today


Score Distribution

Your Account Isn't Verified!

In order to create a playlist on Sporcle, you need to verify the email address you used during registration. Go to your Sporcle Settings to finish the process.

Report this User

Report this user for behavior that violates our Community Guidelines.

Details: